Statistics for Native British Pony Breeds

Click here to take the quiz!

General Stats

  • This quiz has been taken 227 times
  • The average score is 5 of 9

Answer Stats

Answer% Correct
Shetland
91%
Welsh
78%
Exmoor
72%
Dartmoor
69%
New Forest
52%
Connemara
46%
Fell
46%
Highland
42%
Dales
38%

Score Distribution

Percentile by Number Answered

Percent of People with Each Score

Your Score History

You have not taken this quiz